Movies Quiz

Random Movies or Actor Quiz

Actor Haikus Quiz Stats

 Plays Quiz Updated Sep 3, 2014

Support Sporcle.
Go Orange.
Score 0/16 Timer 05:00
0 Plays Today
% Correct
Robin Williams
93.3%
Ian McKellen
89.8%
Johnny Depp
88.9%
Matthew McConaughey
88.1%
Ewan McGregor
87.5%
Ben Stiller
87.3%
Alan Rickman
85.4%
Jim Carrey
85.2%
% Correct
Humphrey Bogart
82.3%
Marlon Brando
80.2%
Geoffrey Rush
77.4%
Joseph Gordon-Levitt
76%
Kevin Spacey
74.3%
Jesse Eisenberg
74.2%
Jeremy Renner
73.9%
James Stewart
71%

You're not logged in!

Compare scores with friends on all Sporcle quizzes.
OR
Log In

From the Vault

57 'C' Movies

by DarkPhalanx

Just 'C' if you can get all the answers.
Remove Ads.
Support Sporcle.
Get the best of Sporcle when you Go Orange. This ad-free experience offers more features, more stats, and more fun while also helping to support Sporcle. Thank you for becoming a member.

Show Comments

Extras

Top Quizzes Today


Score Distribution

Your Account Isn't Verified!

In order to create a playlist on Sporcle, you need to verify the email address you used during registration. Go to your Sporcle Settings to finish the process.

Report this User

Report this user for behavior that violates our Community Guidelines.

Details: